Normal view
MARC view
- Muhammad Uzair
Entry Personal Name
001 - CONTROL NUMBER
- control field: 84412
003 - CONTROL NUMBER IDENTIFIER
- control field: NUST
005 - DATE AND TIME OF LATEST TRANSACTION
- control field: 20211117152453.0
008 - FIXED-LENGTH DATA ELEMENTS
- fixed length control field: 211117|| aca||aabn | a|a d
040 ## - CATALOGING SOURCE
- Original cataloging agency: NUST
- Transcribing agency: NUST
100 ## - HEADING--PERSONAL NAME
- Personal name: Muhammad Uzair
670 ## - SOURCE DATA FOUND
- Source citation: Work cat.: (NUST): Muhammad Uzair , TH-SOF-1896-The Nonlinear Model of Fourth Order Class-D Amplifier Using Dynamic Sliding Mode Controller, 2021.
